Welcome to CU Library Online Public Access Catalogue (OPAC)

English words : (Record no. 1502)

MARC details
000 -LEADER
fixed length control field 01128cam a2200301 a 4500
001 - CONTROL NUMBER
control field 14126531
005 - DATE AND TIME OF LATEST TRANSACTION
control field 20241123110356.0
008 - FIXED-LENGTH DATA ELEMENTS--GENERAL INFORMATION
fixed length control field 050930s2006 maua b 001 0 eng
020 ## - INTERNATIONAL STANDARD BOOK NUMBER
International Standard Book Number 0631230319 (alk. paper)
020 ## - INTERNATIONAL STANDARD BOOK NUMBER
International Standard Book Number 0631230327 (pbk. : alk. paper)
020 ## - INTERNATIONAL STANDARD BOOK NUMBER
International Standard Book Number 9780631230311
020 ## - INTERNATIONAL STANDARD BOOK NUMBER
International Standard Book Number 9780631230328
050 00 - LIBRARY OF CONGRESS CALL NUMBER
Classification number PE1175
Item number .H43 2006
082 00 - DEWEY DECIMAL CLASSIFICATION NUMBER
Classification number 425
Edition information 22
100 1# - MAIN ENTRY--PERSONAL NAME
Personal name Harley, Heidi.
245 10 - TITLE STATEMENT
Title English words :
Remainder of title a linguistic introduction /
Statement of responsibility, etc. Heidi Harley.
260 ## - PUBLICATION, DISTRIBUTION, ETC.
Place of publication, distribution, etc. Malden, MA :
Name of publisher, distributor, etc. Blackwell Pub.,
Date of publication, distribution, etc. 2006.
300 ## - PHYSICAL DESCRIPTION
Extent xvii, 296 p. :
Other physical details ill. ;
Dimensions 24 cm.
440 #4 - SERIES STATEMENT/ADDED ENTRY--TITLE
Title The language library
650 #0 - SUBJECT ADDED ENTRY--TOPICAL TERM
Topical term or geographic name entry element English language
General subdivision Word formation.
650 #0 - SUBJECT ADDED ENTRY--TOPICAL TERM
Topical term or geographic name entry element English language
General subdivision Morphology.
650 #0 - SUBJECT ADDED ENTRY--TOPICAL TERM
Topical term or geographic name entry element English language
General subdivision Phonology.
650 #0 - SUBJECT ADDED ENTRY--TOPICAL TERM
Topical term or geographic name entry element English language
General subdivision Semantics.
856 41 - ELECTRONIC LOCATION AND ACCESS
Materials specified Table of contents
Uniform Resource Identifier <a href="http://www.loc.gov/catdir/toc/ecip061/2005028556.html">http://www.loc.gov/catdir/toc/ecip061/2005028556.html</a>
856 42 - ELECTRONIC LOCATION AND ACCESS
Materials specified Contributor biographical information
Uniform Resource Identifier <a href="http://www.loc.gov/catdir/enhancements/fy0802/2005028556-b.html">http://www.loc.gov/catdir/enhancements/fy0802/2005028556-b.html</a>
856 42 - ELECTRONIC LOCATION AND ACCESS
Materials specified Publisher description
Uniform Resource Identifier <a href="http://www.loc.gov/catdir/enhancements/fy0802/2005028556-d.html">http://www.loc.gov/catdir/enhancements/fy0802/2005028556-d.html</a>
942 ## - ADDED ENTRY ELEMENTS (KOHA)
Source of classification or shelving scheme Library of Congress Classification
Koha item type Books
Suppress in OPAC No
999 ## -
-- 1502
-- 1502
Holdings
Withdrawn status Lost status Source of classification or shelving scheme Damaged status Not for loan Collection Home library Current library Shelving location Date acquired Total checkouts Full call number Barcode Date last seen Copy number Price effective from Koha item type
    Library of Congress Classification     Non-fiction Business Library (Miotso) Business Library (Miotso) General stacks 03/27/2026   PE1175 .H43 HAR BSSM00003390 04/22/2026 4 03/27/2026 Books
    Library of Congress Classification     Non-fiction Business Library (Miotso) Business Library (Miotso) General stacks 03/27/2026   PE1175 .H43 HAR BSSM00003391 04/22/2026 5 03/27/2026 Books
    Library of Congress Classification     Non-fiction Business Library (Miotso) Business Library (Miotso) General stacks 03/27/2026   PE1175 .H43 HAR BSSM00003392 04/22/2026 6 03/27/2026 Books
    Library of Congress Classification     Non-fiction Business Library (Miotso) Business Library (Miotso) General stacks 03/27/2026   PE1175 .H43 HAR BSSM00003393 04/22/2026 7 03/27/2026 Books
    Library of Congress Classification     Non-fiction Business Library (Miotso) Business Library (Miotso) General stacks 03/27/2026   PE1175 .H43 HAR BSSM00003394 04/22/2026 8 03/27/2026 Books
    Library of Congress Classification       Graduate Library (Christ Temple) Graduate Library (Christ Temple) General stacks 03/17/2026   PE 1175.H43 HAR gsct00003295 03/17/2026   03/17/2026 Books
    Library of Congress Classification     Non-fiction Undergraduate Library (Christ Temple) Undergraduate Library (Christ Temple) General stacks 11/23/2024   PE1175.H43. HAR ulct00000359 11/23/2024 1 11/23/2024 Books
    Library of Congress Classification     Non-fiction Undergraduate Library (Christ Temple) Undergraduate Library (Christ Temple) General stacks 11/23/2024   PE1175.H43 HAR ulct00000360 11/23/2024 1 11/23/2024 Books
© 2023-2024 Copyright: Central University Libraries. All Rights Reserved | Created by: Mahone Tech Office